000 004600000a22001930004500
001 002129
003 MACL
005 20150912172643.0
008 150912b xxu||||| |||| 00| 0 eng d
040 _aMACL
_cMACL
041 _aEnglish
082 _a823/BHA
100 _aDhruv Bhatt,
_910582
245 _aOceanside Blues
_cDhruv Bhatt
260 _aNew Delhi
_c2001
_bSahtitya Akademi,
350 _a90
650 _a Fiction
_910583
942 _k823
_cBK
_2ddc
999 _c14045
_d14045